00443 2200181 4500001002100000005001500021008004100036020002200077035001900099041000700118082000800125090001400133100002500147245001800172260003800190300001800228650001500246INLIS00000000001683820241224115211241224||||||||| | ||| |||| || |  a978-602-8179-63-8 0010-1224016838 aid0 a831 a831 SON j0 aSony Ristanta Askari00aJuragan Jambu aJakarta TimurbRIZKY GRAFISc2008 a32hlm;17x24cm 0afiksi anak